000 01139nam a22002657a 4500
999 _c63637
_d63637
005 20240530110651.0
008 171212s2016 ua g b 000 0 ara d
017 _a22933
_bمصر. دار الكتب
020 _a9789773583392
040 _aEG-CaGPL
_cEG-CaGPL
082 0 4 _221
_a302.234\
_bح ل
100 0 _aحسن على محمد
245 1 0 _aلغة الاعلام العربى المعاصر :
_bالصحافة المطبوعة - الالكترونية - الراديو و التليفزيون - الموبايل - شبكات التواصل الاجتماعى /
_cحسن على محمد
250 _aط.1
260 _aالقاهرة :
_bدار الفجر للنشر و التوزيع ،
_c2016 .
300 _a202 ص. :
_bايض. :
_c24 سم.
650 0 7 _2qrmak
_aالصحافة المطبوعة
650 0 7 _2qrmak
_aشبكات التواصل الاجتماعى
650 0 7 _2qrmak
_aالاعلام
650 0 7 _2qrmak
_aالتليفزيون
650 0 7 _2qrmak
_aالراديو
650 0 7 _2qrmak
_aالصحافة الالكترونية
942 _2ddc
_cBK